| 000 -CABECERA |
| Campo de control de longitud fija |
00454nam a22001577a 4500 |
| 005 - FECHA Y HORA DE LA ÚLTIMA TRANSACCIÓN |
| Campo de control |
20240122102033.0 |
| 008 - CAMPO FIJO DE DESCRIPCIÓN FIJA--INFORMACIÓN GENERAL |
| Campo de control de longitud fija |
240122b ||||| |||| 00| 0 eng d |
| 020 ## - ISBN (INTERNATIONAL STANDARD BOOK NUMBER) |
| ISBN |
9788418580963 |
| 040 ## - FUENTE DE CATALOGACIÓN |
| Agencia de catalogación original |
CDMR |
| 100 ## - ENCABEZAMIENTO PRINCIPAL--NOMBRE PERSONAL |
| 9 (RLIN) |
4920 |
| Nombre de persona |
Solanes Calderón, Marc |
| 245 ## - MENCIÓN DE TÍTULO |
| Título |
Las niñas de Elna |
| Mención de responsabilidad, etc. |
/ Marc Solanes Calderón |
| 260 ## - PUBLICACIÓN, DISTRIBUCIÓN, ETC (PIE DE IMPRENTA) |
| Lugar de publicación, distribución, etc. |
Sant Cugat del Vallès : |
| Nombre del editor, distribuidor, etc. |
Pol·len Edicions, |
| Fecha de publicación, distribución, etc. |
2024 |
| 300 ## - DESCRIPCIÓN FÍSICA |
| Extensión |
199 pàgines |
| 490 ## - MENCIÓN DE SERIE |
| Mención de serie |
L'Observatori |
| Número de volumen/designación secuencial |
; 39 |
| 942 ## - ELEMENTOS KOHA |
| Fuente de clasificación o esquema de ordenación en estanterías |
|
| Koha tipo de item |
Monografies |